Continents sur les anneaux Olympiques - Statistiques

Statistiques générales
  • Ce quiz a été pris 57 fois
  • Le résultat moyen est 4 sur 5
Statistiques - réponses
Emojis Réponse % Correct
Afrique
98%
🟡 Asie
98%
🔵 Europe
98%
🟢 Océanie
90%
🔴 Amériques
42%
Aucun quiz correspondant
Distribution des résultats
% des personnes avec chaque résultat
Percentile par nombre de réponses
Votre historique - résultats
Vous n’avez pas pris ce quiz